Подробности
| 000 -МАРКЕР |
| контрольное поле |
01968nam2a22003011 4500 |
| 001 - ИДЕНТИФИКАТОР ЗАПИСИ |
| контрольное поле |
rc\4214615 |
| 005 - ИДЕНТИФИКАТОР ВЕРСИИ |
| контрольное поле |
20260406105056.0 |
| 021 ## - НОМЕР ГОСУДАРСТВЕННОЙ РЕГИСТРАЦИИ |
| Код страны |
Российская Федерация |
| Номер |
[46-2724] |
| 035 ## - ДРУГИЕ СИСТЕМНЫЕ НОМЕРА |
| Идентификатор записи |
(NLR Aleph) 008211220 |
| 100 ## - ДАННЫЕ ОБЩЕЙ ОБРАБОТКИ |
| Данные общей обработки |
20130415d1946 |||y0rusy50 ca |
| 101 0# - ЯЗЫК РЕСУРСА |
| Язык текста, звукозаписи и т.д. |
русский |
| 102 ## - СТРАНА ПУБЛИКАЦИИ ИЛИ ПРОИЗВОДСТВА |
| Страна публикации |
Российская Федерация |
| 105 ## - ПОЛЕ КОДИРОВАННЫХ ДАННЫХ: ТЕКСТОВЫЕ МАТЕРИАЛЫ, МОНОГРАФИЧЕСКИЕ |
| Кодированные данные о монографическом текстовом документе |
y z ||||| |
| 200 1# - ЗАГЛАВИЕ И СВЕДЕНИЯ ОБ ОТВЕТСТВЕННОСТИ |
| Основное заглавие |
Отделение струнных инструментов |
| Первые сведения об ответственности |
[Разраб. профессора Моск. гос. консерватории им. П.И. Чайковского К.Г. Мостров, С.М. Козолуповым, А.Ф. Гедике и др.] |
| 210 ## - ПУБЛИКАЦИЯ, РАСПРОСТРАНЕНИЕ И ДР. |
| Место издания, распространения и т.д. |
Москва |
| -- |
Ленинград |
| Имя издателя, распространителя и т. д. |
Искусство |
| Дата издания, распространения и т.д. |
1946 |
| Имя изготовителя |
тип. "Кр. печатник" в М. |
| 215 ## - ФИЗИЧЕСКАЯ ХАРАКТЕРИСТИКА |
| Специфическое обозначение материала и объем |
85 с. |
| Размеры |
20 |
| 461 #0 - УРОВЕНЬ НАБОРА |
| Встроенное поле |
001rc\4214613 |
| -- |
2001#$aУчебные программы для музыкальных училищ$eУтв. ГУУЗ Ком-та по делам искусств при СНК СССР$eВып. 1-$fКом. по делам искусств при СНК СССР. Гл. упр. учеб. заведений$vВып. 2 |
| Системный номер (АБИС) связанной записи |
8097818 |
| Место публикации |
Москва |
| Дата публикации |
1946 |
| Первые сведения об ответственности |
Ком. по делам искусств при СНК СССР. Гл. упр. учеб. заведений |
| Имя издателя, распространителя и т.д. |
Искусство |
| Сведения, относящиеся к заглавию |
Утв. ГУУЗ Ком-та по делам искусств при СНК СССР : Вып. 1- |
| Заглавие |
Учебные программы для музыкальных училищ |
| Номер тома |
Вып. 2 |
| 606 ## - НАИМЕНОВАНИЕ ТЕМЫ КАК ПРЕДМЕТ |
| Наименование темы |
Музыкальные училища |
| Тематический подзаголовок |
Отделения струнных инструментов |
| -- |
Программы (вып. 2) |
| Код системы |
psbo |
| 702 #1 - ИМЯ ЛИЦА - ВТОРИЧНАЯ ОТВЕТСТВЕННОСТЬ |
| Начальный элемент ввода |
Козолупов |
| Часть имени, кроме начального элемента ввода |
С.М. |
| Код отношения |
Прочие |
| 702 #1 - ИМЯ ЛИЦА - ВТОРИЧНАЯ ОТВЕТСТВЕННОСТЬ |
| Начальный элемент ввода |
Гедике |
| Часть имени, кроме начального элемента ввода |
А.Ф. |
| Код отношения |
Прочие |
| 702 #1 - ИМЯ ЛИЦА - ВТОРИЧНАЯ ОТВЕТСТВЕННОСТЬ |
| Начальный элемент ввода |
Мостров |
| Часть имени, кроме начального элемента ввода |
К.Г. |
| Расширение инициалов личного имени |
Константин Георгиевич |
| Код отношения |
Прочие |
| 712 02 - НАИМЕНОВАНИЕ ОРГАНИЗАЦИИ - ВТОРИЧНАЯ ОТВЕТСТВЕННОСТЬ |
| Начальный элемент ввода |
Московская консерватория |
| Идентификатор авторитетной/нормативной записи |
RU\NLR\AUTH\883917 |
| Системный номер авторитетной/нормативной записи |
279173 |
| 801 #0 - ИСТОЧНИК ЗАПИСИ |
| Страна |
Российская Федерация |
| Организация |
NLR |
| Правила каталогизации |
psbo |
| 801 #1 - ИСТОЧНИК ЗАПИСИ |
| Страна |
Российская Федерация |
| Организация |
ELAR |
| Источник данных |
rusmarc |
| 852 ## - МЕСТОНАХОЖДЕНИЕ И ШИФР ХРАНЕНИЯ |
| Идентификатор организации |
NLR |
| Шифр хранения (Call Number) |
Ис80 Г-4/38 |
| 942 ## - ДОПОЛНИТЕЛЬНЫЕ ЭЛЕМЕНТЫ ЗАПИСИ (АБИС) |
| Тип экземпляра АБИС |
Книга |
| 980 ## - КОЛЛЕКЦИЯ |
| Название коллекции |
Национальная библиография |